000 00813nas a2200289 4500
001 BR2014004311
003 BR-BrBNA
005 20231205124244.0
007 ta
008 230509b bl.|||p| |||| 00| 00por d
040 _aBR-BrBNA
_bpor
_cBiblioteca Nacional de Agricultura
041 _a(En)
072 _aJ11
100 1 _aPrestes, S.L.C.
100 1 _aThewes, F.R.
100 1 _aSautter, C.K.
100 1 _aBrackmann, A.
245 1 _aStorage of yerba maté in controlled atmosphere
650 _aERVA-DOCE
650 _aARMAZENAMENTO
650 _aCOR
650 _aCOMPOSTO FENÓLICO
650 _aANÁLISE QUÍMICA
773 0 _tCiência Rural (Brazil)
_xISSN 0103-8478
_g(Apl 2014), v. 44(4) p. 740-745
_wBR2014004311
909 _a202311
_bLúcia
_c55
_dLúcia Elande
942 _2AGRIS
_n0
_cANA
999 _c238131
_d238131